[Event "FIDE World Rapid Team"]
[Site "Almaty KAZ"]
[Date "2024.08.02"]
[Round "3.31"]
[White "Short, Nigel D"]
[Black "Kozganbay, Erkin"]
[Result "1-0"]
[WhiteTitle "GM"]
[BlackTitle "FM"]
[WhiteElo "2594"]
[BlackElo "2293"]
[WhiteTeam "FIDE Management Board"]
[BlackTeam "Chess Ratel"]
[WhiteFideId "400025"]
[BlackFideId "13703773"]
[EventDate "2024.08.02"]

1. e4 c5 2. Nf3 d6 3. d4 cxd4 4. Nxd4 Nf6 5. Nc3 a6 6. Bd3 g6 7. f3 Bg7 8. Be3
h5 9. Qd2 Nbd7 10. O-O-O b5 11. h3 h4 12. Kb1 Bb7 13. Rhe1 Rc8 14. a3 Nb6 15.
Bf1 Nc4 16. Bxc4 Rxc4 17. e5 dxe5 18. Ne6 Qxd2 19. Nxg7+ Kf8 20. Bxd2 Kxg7 21.
Rxe5 e6 22. Be1 Rh5 23. Rxh5 Nxh5 24. Ne2 g5 25. Rd7 Bd5 26. Ra7 Rc6 27. b3 e5
28. Kb2 Kg6 29. Bd2 f6 30. Nc3 Be6 31. Na2 Bf5 32. Nb4 Rd6 33. Kc1 Bc8 34. Be3
Nf4 35. Bxf4 gxf4 36. Nd3 Rc6 37. Kd2 Bf5 38. Nb4 Rd6+ 39. Kc1 e4 40. Re7 exf3
41. gxf3 Bxh3 42. Nd3 Rd4 43. Re1 Bg2 44. Rg1 h3 45. Ne1 Kf5 46. Nxg2 hxg2 47.
Rxg2 Rd6 48. Re2 Rd7 49. Rd2 Re7 50. Rd5+ Ke6 51. Rd4 Kf5 52. Rd5+ Kg6 53. Kd2
Re3 54. Rd3 Re6 55. c4 bxc4 56. bxc4 Kg5 57. c5 Kh4 58. Rc3 Rc6 59. Kd3 Kg3 60.
Ke4 Re6+ 61. Kd4 Re8 62. c6 f5 63. c7 Rc8 64. Ke5 1-0

[Event "FIDE World Rapid Team"]
[Site "Almaty KAZ"]
[Date "2024.08.02"]
[Round "3.32"]
[White "Kassimov, Baurzhan"]
[Black "Bologan, Victor"]
[Result "0-1"]
[WhiteTitle "IM"]
[BlackTitle "GM"]
[WhiteElo "2260"]
[BlackElo "2598"]
[WhiteTeam "Chess Ratel"]
[BlackTeam "FIDE Management Board"]
[WhiteFideId "13704800"]
[BlackFideId "13900048"]
[EventDate "2024.08.02"]

1. c4 e5 2. Nc3 Nf6 3. Nf3 Nc6 4. e3 Bb4 5. Qc2 a5 6. Be2 O-O 7. Nd5 h6 8. Nxb4
axb4 9. d3 d5 10. cxd5 Qxd5 11. b3 Bg4 12. Bb2 Ra5 13. O-O Rfa8 14. d4 exd4 15.
exd4 Rxa2 16. Bc4 Qd6 17. Ne5 Be6 18. Rxa2 Rxa2 19. Qb1 Ra8 20. Re1 Nxd4 21.
Bxe6 Nxe6 22. Nc4 Qf4 23. Bc1 Qh4 24. h3 Rd8 25. Ne3 Qe4 26. Qa1 Nd5 27. f3 Qh4
28. Rd1 Nxe3 29. Rxd8+ Qxd8 30. Bxe3 Qd3 31. Bf2 Qxb3 32. Qa8+ Kh7 33. Qxb7 Qb1+
34. Kh2 b3 0-1

[Event "FIDE World Rapid Team"]
[Site "Almaty KAZ"]
[Date "2024.08.02"]
[Round "3.33"]
[White "Al-Mudahka, Mohd"]
[Black "Nukin, Askhat"]
[Result "1/2-1/2"]
[WhiteTitle "GM"]
[BlackTitle "FM"]
[WhiteElo "2542"]
[BlackElo "2268"]
[WhiteTeam "FIDE Management Board"]
[BlackTeam "Chess Ratel"]
[WhiteFideId "12100030"]
[BlackFideId "13703625"]
[EventDate "2024.08.02"]

1. e4 c5 2. Nc3 Nc6 3. f4 g6 4. Nf3 Bg7 5. Bc4 e6 6. f5 Nge7 7. fxe6 dxe6 8. O-O
O-O 9. d3 Na5 10. Bb3 Nxb3 11. axb3 b6 12. Bf4 Bb7 13. Qd2 Nc6 14. Bh6 Nd4 15.
Bxg7 Kxg7 16. Nxd4 Qxd4+ 17. Kh1 a6 18. Qf4 Rac8 19. Ra4 Qd8 20. Qe5+ Kg8 21.
Ne2 Qc7 22. Qf6 Qd8 23. Qe5 Qc7 24. Qf6 Qd8 25. Qe5 Qc7 1/2-1/2

[Event "FIDE World Rapid Team"]
[Site "Almaty KAZ"]
[Date "2024.08.02"]
[Round "3.34"]
[White "Ulkhanov, Azamat"]
[Black "Reizniece-Ozola, Dana"]
[Result "1-0"]
[BlackTitle "WGM"]
[WhiteElo "2006"]
[BlackElo "2255"]
[WhiteTeam "Chess Ratel"]
[BlackTeam "FIDE Management Board"]
[WhiteFideId "13700235"]
[BlackFideId "11601124"]
[EventDate "2024.08.02"]

1. e4 g6 2. d4 Bg7 3. Nc3 d6 4. h3 a6 5. a4 b6 6. Be3 Bb7 7. g4 Nd7 8. Bg2 c5 9.
Nge2 h6 10. O-O Rb8 11. Qd2 cxd4 12. Bxd4 Ngf6 13. Nd5 e5 14. Be3 Nxd5 15. exd5
h5 16. gxh5 Rxh5 17. Ng3 Rh8 18. f4 f5 19. fxe5 dxe5 20. Bg5 Bf6 21. Ne4 fxe4
22. Bxe4 Rg8 23. Qd3 Bxg5 24. Bxg6+ Ke7 25. d6+ Ke6 26. Bf7# 1-0

[Event "FIDE World Rapid Team"]
[Site "Almaty KAZ"]
[Date "2024.08.02"]
[Round "3.35"]
[White "Martynov, Aleksandr"]
[Black "Gein, Dmitriy"]
[Result "1-0"]
[WhiteElo "1828"]
[BlackElo "1723"]
[WhiteTeam "FIDE Management Board"]
[BlackTeam "Chess Ratel"]
[WhiteFideId "34196266"]
[BlackFideId "13781022"]
[EventDate "2024.08.02"]

1. d4 Nf6 2. Nf3 e6 3. Nbd2 d5 4. e3 c5 5. c3 Nc6 6. Bd3 b6 7. O-O Bd6 8. a3 e5
9. Bb5 e4 10. Ne5 Bd7 11. Bxc6 Bxe5 12. Bxd7+ Nxd7 13. dxe5 Nxe5 14. c4 O-O 15.
cxd5 Qxd5 16. Qc2 Nd3 17. b3 Rfd8 18. Ra2 Rac8 19. Bb2 b5 20. Ba1 Qf5 21. Nb1 a6
22. Nc3 Rc6 23. Ne2 h5 24. Ng3 Qd5 25. h3 h4 26. Ne2 Qf5 27. Nf4 Nxf4 28. exf4
Rg6 29. Kh1 Rd3 30. f3 Qxf4 31. Bc3 c4 32. bxc4 bxc4 33. Bd2 e3 34. Be1 Rgd6 35.
Qe2 c3 36. Rc2 Qc4 37. f4 Qb3 38. Rc1 Qxa3 39. Bxh4 Qc5 40. Rfe1 Qd5 41. Qf3 Qd4
42. Bg3 Rg6 43. f5 e2 44. Qa8+ Kh7 45. fxg6+ fxg6 46. Qb8 Rd1 47. Qf4 Qd2 48.
Qxd2 cxd2 49. Rcxd1 1-0

[Event "FIDE World Rapid Team"]
[Site "Almaty KAZ"]
[Date "2024.08.02"]
[Round "3.36"]
[White "Momyn, Madina"]
[Black "Musauly, Nurali"]
[Result "0-1"]
[WhiteElo "1733"]
[BlackElo "1816"]
[WhiteTeam "Chess Ratel"]
[BlackTeam "FIDE Management Board"]
[WhiteFideId "13748866"]
[BlackFideId "447000678"]
[EventDate "2024.08.02"]

1. e4 e6 2. d4 d5 3. e5 c5 4. c3 Nc6 5. Nf3 Qb6 6. Bd3 cxd4 7. cxd4 Bd7 8. O-O
Nxd4 9. Nbd2 Rc8 10. Nxd4 Qxd4 11. Nf3 Qb6 12. Be3 Bc5 13. Bxc5 Rxc5 14. b3 Ne7
15. h4 Bb5 16. Bxb5+ Qxb5 17. Nd4 Qb6 18. Qg4 O-O 19. h5 h6 20. Rad1 Nc6 21.
Nxc6 Rxc6 22. Rd3 Kh8 23. Rg3 Rg8 24. Kh2 Qa6 25. Re1 Qa5 26. Ree3 Qxa2 27. Rgf3
Rc7 28. Qb4 Qc2 29. Rf4 Qc5 30. Qd2 Qc2 31. Qb4 Qd1 32. Ref3 Rc1 33. Rxf7 Qh1+
34. Kg3 Qxh5 35. Qf4 Rh1 36. Rc3 Qh2+ 37. Kf3 Qh5+ 38. Kg3 Re1 39. Rcc7 Re4 40.
Qd2 Rg4+ 41. Kf3 Rd4+ 0-1

[Event "FIDE World Rapid Team"]
[Site "Almaty KAZ"]
[Date "2024.08.02"]
[Round "3.37"]
[White "Orozbaev, Eldiyar"]
[Black "Isanzhulov, Arystan"]
[Result "1-0"]
[WhiteTitle "FM"]
[BlackTitle "IM"]
[WhiteElo "2376"]
[BlackElo "2401"]
[WhiteTeam "Noval Group Kyrgystan"]
[BlackTeam "Teniz Kazakhstan"]
[WhiteFideId "13802240"]
[BlackFideId "13711644"]
[EventDate "2024.08.02"]

1. e4 e5 2. Nf3 Nf6 3. Nc3 Nc6 4. d4 exd4 5. Nxd4 Bb4 6. Nxc6 dxc6 7. Qxd8+ Kxd8
8. Bd2 Be6 9. O-O-O Nd7 10. f4 f6 11. g3 Re8 12. Bg2 Kc8 13. Ne2 Bc5 14. Nc3 Nb6
15. b3 a5 16. a4 Nd7 17. Bf3 Ba3+ 18. Kb1 Bb4 19. Ne2 Bc5 20. Bc3 Bb4 21. Bb2
Nb6 22. Nd4 Bd7 23. e5 fxe5 24. fxe5 Kb8 25. Be4 g6 26. Rhf1 Re7 27. e6 Bxe6 28.
Bxc6 Bg4 29. Bf3 Bh3 30. Rg1 Bd7 31. Nb5 Bxb5 32. axb5 Ka7 33. Bd4 Rf8 34. Rd3
Ref7 35. Bg2 Kb8 36. Rgd1 Be7 37. c4 Nd7 38. Be3 Nc5 39. Rd5 Rf5 40. Bf4 Rxd5
41. Rxd5 b6 42. Kc2 g5 43. Be3 h6 44. Rd1 Bd6 45. Bc6 Ne6 46. Bxb6 cxb6 47. Rxd6
Rf2+ 48. Kc3 Nc5 49. Bd5 Kc7 50. Rc6+ Kd8 51. Rxb6 a4 52. b4 Nd7 53. Ra6 Rxh2
54. c5 Rh3 55. b6 Rxg3+ 56. Kc4 a3 57. Kb5 Rd3 58. Ra8+ Ke7 59. Bc6 Ne5 60. b7
Rb3 61. Bd5 1-0

[Event "FIDE World Rapid Team"]
[Site "Almaty KAZ"]
[Date "2024.08.02"]
[Round "3.38"]
[White "Ismagambetov, Anuar"]
[Black "Zhakshylykov, Erzhan"]
[Result "0-1"]
[WhiteTitle "GM"]
[BlackTitle "FM"]
[WhiteElo "2520"]
[BlackElo "2327"]
[WhiteTeam "Teniz Kazakhstan"]
[BlackTeam "Noval Group Kyrgystan"]
[WhiteFideId "13701525"]
[BlackFideId "13804111"]
[EventDate "2024.08.02"]

1. e4 e5 2. Nf3 Nc6 3. Bb5 a6 4. Ba4 Nf6 5. Nc3 b5 6. Bb3 Be7 7. a4 b4 8. Nd5
O-O 9. d3 d6 10. a5 Be6 11. c3 bxc3 12. bxc3 h6 13. O-O Na7 14. Re1 Nb5 15. c4
Na7 16. Ba4 c5 17. Bd2 Nxd5 18. exd5 Bg4 19. Rb1 Bg5 20. Rb7 Bxd2 21. Qxd2 Bxf3
22. gxf3 Qf6 23. Qe3 Nc8 24. Kh1 Ne7 25. f4 Ng6 26. fxe5 Nxe5 27. Reb1 Qf5 28.
f4 Ng6 29. d4 cxd4 30. Qxd4 Rad8 31. Rf1 Rfe8 32. Bxe8 Rxe8 33. c5 Re2 34. Rb2
Qh3 35. Rb8+ Kh7 36. Qg1 Nh4 37. Rf2 Re4 38. Rb1 Re3 39. c6 Qf5 40. Qd1 Qe4+ 41.
Kg1 Nf3+ 42. Rxf3 Rxf3 43. Rb2 Rd3 44. Qb1 Qd4+ 45. Rf2 f5 46. Qc2 Rd1+ 47. Kg2
Qxd5+ 48. Kg3 Rd3+ 49. Kh4 g5+ 50. fxg5 Qe4+ 0-1

[Event "FIDE World Rapid Team"]
[Site "Almaty KAZ"]
[Date "2024.08.02"]
[Round "3.39"]
[White "Sharshenbekov, Emir"]
[Black "Mamedov, Edgar"]
[Result "0-1"]
[WhiteTitle "CM"]
[BlackTitle "FM"]
[WhiteElo "2078"]
[BlackElo "2443"]
[WhiteTeam "Noval Group Kyrgystan"]
[BlackTeam "Teniz Kazakhstan"]
[WhiteFideId "13810634"]
[BlackFideId "13739980"]
[EventDate "2024.08.02"]

1. e4 c5 2. Nc3 Nc6 3. f4 e6 4. Nf3 d5 5. d3 Nf6 6. Be2 Be7 7. O-O O-O 8. Qe1
Nd4 9. Bd1 dxe4 10. dxe4 Bd7 11. e5 Ne8 12. Ne4 Bc6 13. c3 Nxf3+ 14. Bxf3 Qb6
15. Qf2 Nc7 16. c4 Rad8 17. Be3 Na6 18. Rfd1 Qa5 19. b3 Rfe8 20. h3 Qc7 21. Rxd8
Rxd8 22. Nxc5 Nb4 23. Ne4 Nd3 24. Qe2 Nxe5 25. fxe5 Bxe4 26. Bxe4 Qxe5 27. Bxh7+
Kxh7 28. Re1 Bb4 29. Rf1 Bc5 30. Qc2+ f5 31. Bxc5 Qxc5+ 32. Kh1 Qe3 33. Qf2 Qxf2
34. Rxf2 Kg6 35. Kh2 Kf6 36. c5 e5 37. b4 e4 38. b5 e3 39. Re2 f4 40. c6 bxc6
41. bxc6 Ke5 42. g3 Ke4 43. gxf4 Kf3 44. Re1 Kf2 45. Rc1 e2 46. Rc2 Kf1 47. Rxe2
Kxe2 48. Kg3 Rc8 0-1

[Event "FIDE World Rapid Team"]
[Site "Almaty KAZ"]
[Date "2024.08.02"]
[Round "3.40"]
[White "Sapenov, Daniyal"]
[Black "Iunusov, Nuriddin"]
[Result "1-0"]
[WhiteTitle "FM"]
[BlackTitle "CM"]
[WhiteElo "2311"]
[BlackElo "1925"]
[WhiteTeam "Teniz Kazakhstan"]
[BlackTeam "Noval Group Kyrgystan"]
[WhiteFideId "13728911"]
[BlackFideId "13803026"]
[EventDate "2024.08.02"]

1. e4 e5 2. Nf3 Nc6 3. Bb5 a6 4. Ba4 Nf6 5. d3 b5 6. Bb3 Bd6 7. a4 Bb7 8. O-O
O-O 9. Bg5 h6 10. Bh4 Be7 11. Nbd2 d6 12. c3 Na5 13. Bc2 c5 14. Re1 Re8 15. Nf1
Nc6 16. Ne3 d5 17. Bxf6 Bxf6 18. Nxd5 Na5 19. Nxf6+ Qxf6 20. Qe2 c4 21. d4 exd4
22. Nxd4 b4 23. Rad1 b3 24. Bb1 Rad8 25. h3 Qe5 26. Qe3 Qc5 27. Qg3 Bc8 28. Qh4
Nc6 29. Nxc6 Rxd1 30. Rxd1 Qxc6 31. Rd8 Qxa4 32. Qe7 Rxd8 33. Qxd8+ Kh7 34. Qxc8
Qa1 35. Qf5+ Kg8 36. e5 Qxb2 37. Qc8# 1-0

[Event "FIDE World Rapid Team"]
[Site "Almaty KAZ"]
[Date "2024.08.02"]
[Round "3.41"]
[White "Lesbekova, Assel"]
[Black "Balabayeva, Xeniya"]
[Result "1-0"]
[WhiteTitle "WCM"]
[BlackTitle "WIM"]
[WhiteElo "1903"]
[BlackElo "2335"]
[WhiteTeam "Noval Group Kyrgystan"]
[BlackTeam "Teniz Kazakhstan"]
[WhiteFideId "13713248"]
[BlackFideId "13719688"]
[EventDate "2024.08.02"]

1. e4 c6 2. d4 d5 3. Nd2 dxe4 4. Nxe4 Nf6 5. Ng3 e6 6. Nf3 c5 7. Bb5+ Bd7 8.
Bxd7+ Nbxd7 9. c3 Be7 10. O-O O-O 11. Re1 Re8 12. c4 cxd4 13. Nxd4 Bc5 14. Be3
Qb6 15. Nb3 Bxe3 16. Rxe3 Rac8 17. Qe2 a5 18. Rd1 Qa6 19. Rc3 Nb6 20. Nd2 Red8
21. Rdc1 Na4 22. R3c2 Nc5 23. b3 Nd3 24. Rd1 Nf4 25. Qf3 e5 26. Ndf1 Rxd1 27.
Qxd1 Qc6 28. Ne3 h5 29. Ngf5 Re8 30. Rd2 Kh7 31. h3 Ne4 32. Rd8 Re6 33. Nd5 Re8
34. Nxf4 Rxd8 35. Qxh5+ Kg8 36. Ne7+ 1-0

[Event "FIDE World Rapid Team"]
[Site "Almaty KAZ"]
[Date "2024.08.02"]
[Round "3.42"]
[White "Fedorov, Grigory"]
[Black "Nurdin Uulu, Sardarbek"]
[Result "1-0"]
[WhiteElo "1904"]
[BlackElo "1908"]
[WhiteTeam "Teniz Kazakhstan"]
[BlackTeam "Noval Group Kyrgystan"]
[WhiteFideId "4123530"]
[BlackFideId "13800183"]
[EventDate "2024.08.02"]

1. e4 c5 2. Nc3 g6 3. d4 cxd4 4. Qxd4 Nf6 5. Be3 Nc6 6. Qd2 h5 7. f3 Bg7 8.
O-O-O d6 9. Kb1 Be6 10. Nge2 a6 11. Nf4 b5 12. Ncd5 Bxd5 13. Nxd5 Nxd5 14. exd5
Ne5 15. f4 Ng4 16. Bd4 Bxd4 17. Qxd4 Nf6 18. f5 g5 19. Bd3 Rc8 20. Rde1 Kf8 21.
h4 g4 22. Re2 Rc5 23. c4 bxc4 24. Bxc4 Qc8 25. Bb3 Qxf5+ 26. Ka1 Rh6 27. Rhe1
Ng8 28. Rf2 Qc8 29. Qe3 Kg7 30. a3 Nf6 31. Qxe7 Rc1+ 32. Ka2 Rxe1 33. Qxe1 Qc5
34. Rc2 Qd4 35. Qe7 Ng8 36. Qg5+ Rg6 37. Qxh5 Qe4 38. Rf2 Nf6 39. Qf5 Qe3 40.
Rf4 Kh6 41. Rf1 Nh5 42. Qxf7 Rg7 43. Qe6+ Qxe6 44. dxe6 Re7 45. Rd1 Nf4 46. g3
Ne2 47. Bc4 Nxg3 48. Rg1 Nf5 49. Rxg4 Ne3 50. Re4 Nxc4 51. Rxc4 Rxe6 52. Rc6 Kh5
53. Rxa6 Kxh4 54. Ra8 Kg5 55. Rf8 d5 56. Kb3 Rb6+ 57. Kc2 Rc6+ 58. Kd3 Rb6 59.
Rf2 Kg4 60. Kd4 Rb5 61. b4 Kg3 62. Rf5 Rb8 63. Rxd5 Kf4 64. Kc4 Ke4 65. Rd1 Ra8
66. Re1+ Kf5 67. Kb3 Rh8 68. b5 Rh4 69. a4 Kf4 70. a5 Kf3 71. b6 Rh5 72. Kb4 Rh2
73. Kb5 1-0

[Event "FIDE World Rapid Team"]
[Site "Almaty KAZ"]
[Date "2024.08.02"]
[Round "3.43"]
[White "Tin, Jingyao"]
[Black "Annaberdiyev, Meylis"]
[Result "1-0"]
[WhiteTitle "GM"]
[BlackTitle "GM"]
[WhiteElo "2575"]
[BlackElo "2431"]
[WhiteTeam "Theme International Trading"]
[BlackTeam "TKM Chess"]
[WhiteFideId "5804418"]
[BlackFideId "14000563"]
[EventDate "2024.08.02"]

1. d4 d5 2. c4 e6 3. Nc3 Nf6 4. cxd5 exd5 5. Bg5 c6 6. e3 Bd6 7. Bd3 O-O 8. Qc2
h6 9. Bh4 Re8 10. Nf3 a5 11. O-O Na6 12. a3 Bg4 13. Bf5 Bxf5 14. Qxf5 Qd7 15.
Qxd7 Nxd7 16. Rfc1 Nb6 17. b3 Nc7 18. Bg3 Bxg3 19. hxg3 Nc8 20. Ne5 Nd6 21. Na4
Ne6 22. Kf1 f6 23. Nd3 Kf7 24. Nac5 Nxc5 25. Nxc5 Ke7 26. Rab1 Kd8 27. Rc2 Kc7
28. a4 Ne4 29. Nd3 Kd7 30. Ke2 Re7 31. g4 Nd6 32. Rh1 Kc7 33. Rh5 Kb6 34. Nf4
Rae8 35. Kd3 Ne4 36. Re2 Rd7 37. Kc2 Rde7 38. Rh1 Ng5 39. Kd3 Ne6 40. Nxe6 Rxe6
41. f3 Rd6 42. e4 dxe4+ 43. Rxe4 Red8 44. Rh5 R8d7 45. Kc4 Ka6 46. Rf5 Rd5 47.
Kc3 Kb6 48. Rxd5 cxd5 49. Re6+ Kc7 50. b4 Kb8 51. bxa5 Rc7+ 52. Kd3 Rc4 53. Rd6
Rxa4 54. Rxd5 Ra2 55. Rd7 g5 56. Rf7 Rxa5 57. Rxf6 Ra2 58. Rxh6 Rxg2 59. Rg6 Rf2
60. Ke3 Rf1 61. Rxg5 Kc7 62. Rc5+ Kd6 63. g5 Re1+ 64. Kf4 Rd1 65. Ke4 Re1+ 66.
Kf5 Rd1 67. g6 Rxd4 68. Rc8 Rd5+ 1-0

[Event "FIDE World Rapid Team"]
[Site "Almaty KAZ"]
[Date "2024.08.02"]
[Round "3.44"]
[White "Turayev, Shahruh"]
[Black "Jumabayev, Rinat"]
[Result "0-1"]
[BlackTitle "GM"]
[WhiteElo "2097"]
[BlackElo "2577"]
[WhiteTeam "TKM Chess"]
[BlackTeam "Theme International Trading"]
[WhiteFideId "14003856"]
[BlackFideId "13702661"]
[EventDate "2024.08.02"]

1. d4 Nf6 2. c4 e6 3. Nf3 Bb4+ 4. Nbd2 d5 5. a3 Be7 6. g3 dxc4 7. Bg2 b5 8. Ne5
Nd5 9. O-O O-O 10. b3 cxb3 11. Nxb3 a5 12. Bb2 Bb7 13. Nc5 Bxc5 14. dxc5 f6 15.
Ng4 h5 16. e4 hxg4 17. exd5 Bxd5 18. Qxg4 Qe8 19. Be4 Bxe4 20. Qxe4 Nc6 21. Rae1
Kf7 22. f4 Rd8 23. h4 Qd7 24. h5 Ne7 25. h6 Qd5 26. Qh7 Rg8 27. Rd1 Qxc5+ 28.
Kg2 Qf5 29. Qxf5 Nxf5 30. h7 Ne3+ 31. Kf3 Nxd1 32. hxg8=Q+ Kxg8 33. Ba1 b4 34.
axb4 axb4 35. Ke2 Nc3+ 36. Bxc3 bxc3 37. Rc1 c5 38. Rxc3 Rc8 39. Kd3 Kf7 40. Ke4
c4 41. g4 Kg6 42. f5+ Kf7 43. fxe6+ Kxe6 44. Kd4 f5 45. Re3+ Kf6 46. Rf3 g6 47.
Kc3 Ke5 0-1

[Event "FIDE World Rapid Team"]
[Site "Almaty KAZ"]
[Date "2024.08.02"]
[Round "3.45"]
[White "Siddharth, Jagadeesh"]
[Black "Halynyazov, Vepaly"]
[Result "1-0"]
[WhiteTitle "IM"]
[WhiteElo "2516"]
[BlackElo "2049"]
[WhiteTeam "Theme International Trading"]
[BlackTeam "TKM Chess"]
[WhiteFideId "5818320"]
[BlackFideId "14004020"]
[EventDate "2024.08.02"]

1. e4 e6 2. d4 d5 3. e5 c5 4. c3 Qb6 5. Nf3 Nc6 6. a3 Bd7 7. b4 cxd4 8. cxd4 Rc8
9. Bb2 Nge7 10. Nc3 Na5 11. Na4 Qc6 12. Nc5 Nc4 13. Bc1 b6 14. Nxd7 Qxd7 15. Bd3
b5 16. h4 Nc6 17. h5 h6 18. Rh4 a5 19. bxa5 Ra8 20. Rg4 Rxa5 21. Kf1 b4 22. a4
Ra8 23. Nd2 N6a5 24. Nb3 Qa7 25. Nxa5 Qxa5 26. Qb3 Rc8 27. Kg1 Qa7 28. a5 Be7
29. a6 Kf8 30. Bf1 Rc7 31. Qg3 Bg5 32. Bxg5 hxg5 33. Rxg5 Qxd4 34. Ra4 Nd2 35.
Qd3 Qxd3 36. Bxd3 f6 37. a7 Kf7 38. exf6 gxf6 39. a8=Q Rxa8 40. Rxa8 fxg5 41. h6
Kf6 42. h7 Rxh7 43. Bxh7 b3 44. Rb8 Ke5 45. Rb6 Kd4 46. Rxe6 b2 47. Rb6 Kc3 48.
Rc6+ Nc4 49. Kf1 Kd2 50. Rc5 Kc1 51. Rxd5 1-0

[Event "FIDE World Rapid Team"]
[Site "Almaty KAZ"]
[Date "2024.08.02"]
[Round "3.46"]
[White "Agajanova, Meryem"]
[Black "Wong, Zhenyong Jayden"]
[Result "0-1"]
[WhiteTitle "WCM"]
[BlackTitle "FM"]
[WhiteElo "2007"]
[BlackElo "2397"]
[WhiteTeam "TKM Chess"]
[BlackTeam "Theme International Trading"]
[WhiteFideId "14005930"]
[BlackFideId "5821975"]
[EventDate "2024.08.02"]

1. d4 Nf6 2. c4 e6 3. g3 c5 4. d5 exd5 5. cxd5 d6 6. Bg2 g6 7. Nc3 Bg7 8. Nf3
O-O 9. O-O Re8 10. Re1 a6 11. a4 Nbd7 12. e4 Ng4 13. Nd2 Nge5 14. Qe2 g5 15. f4
gxf4 16. gxf4 Ng6 17. Nc4 Nb6 18. Nxb6 Qxb6 19. Be3 f5 20. a5 Qc7 21. Qf2 Bxc3
22. bxc3 fxe4 23. f5 Ne5 24. Bxe4 Ng4 25. Qg2 Qg7 26. Bf4 Nf6 27. Qxg7+ Kxg7 28.
Bf3 Bxf5 29. Bxd6 Be4 30. Kf2 c4 31. Rg1+ Kf7 32. Ra4 Rad8 33. Bf4 Bxd5 34. Bh6
Bxf3 35. Rg7+ Ke6 36. Kxf3 Rd3+ 37. Kg2 Rxc3 38. Rxb7 Rg8+ 39. Rg7 Rc2+ 40. Kf3
Rd8 41. Rb4 Rd3+ 42. Be3 Rxe3+ 43. Kxe3 Nd5+ 44. Kd4 Nxb4 45. Rxh7 Nc6+ 46. Kc5
Nxa5 47. Rh6+ Ke5 48. Rxa6 Nb3+ 49. Kb4 Nd4 50. h4 Kd5 51. Ra5+ Ke4 52. Ra3 Nc6+
53. Kc5 Ne5 54. Rh3 Nd3+ 55. Kb5 c3 56. h5 Rb2+ 57. Kc4 c2 0-1

[Event "FIDE World Rapid Team"]
[Site "Almaty KAZ"]
[Date "2024.08.02"]
[Round "3.47"]
[White "Gong, Qianyun"]
[Black "Ezizov, Muhammet"]
[Result "1-0"]
[WhiteTitle "WGM"]
[WhiteElo "2250"]
[BlackElo "1909"]
[WhiteTeam "Theme International Trading"]
[BlackTeam "TKM Chess"]
[WhiteFideId "8602425"]
[BlackFideId "14003759"]
[EventDate "2024.08.02"]

1. e4 e6 2. d3 d5 3. Nd2 Nf6 4. Ngf3 b6 5. c3 dxe4 6. dxe4 Bb7 7. Qa4+ Qd7 8.
Bb5 c6 9. Be2 a6 10. e5 b5 11. Qh4 Nd5 12. Ne4 Be7 13. Bg5 f6 14. exf6 Nxf6 15.
Bxf6 Bxf6 16. Nxf6+ gxf6 17. Qxf6 Rf8 18. Qh4 Qe7 19. Ng5 Nd7 20. Bh5+ Kd8 21.
Nxe6+ Kc8 22. Qxe7 Kb8 23. Nxf8 Nxf8 24. Qxf8+ Kc7 25. Qe7+ Kb6 26. O-O-O a5 27.
Rd7 Ra7 28. Bf3 a4 29. Rhd1 1-0

[Event "FIDE World Rapid Team"]
[Site "Almaty KAZ"]
[Date "2024.08.02"]
[Round "3.48"]
[White "Sholpanbek, Zhansaya"]
[Black "Zhang, Changjie"]
[Result "1-0"]
[WhiteElo "1752"]
[BlackElo "1809"]
[WhiteTeam "TKM Chess"]
[BlackTeam "Theme International Trading"]
[WhiteFideId "13775111"]
[BlackFideId "5801877"]
[EventDate "2024.08.02"]

1. e4 e6 2. d4 d5 3. Nd2 c5 4. exd5 exd5 5. Bb5+ Nc6 6. Ngf3 Nf6 7. O-O Be7 8.
dxc5 O-O 9. Nb3 Bg4 10. h3 Bh5 11. Be2 Ne4 12. Be3 Rc8 13. Nfd4 Bxe2 14. Qxe2
Nxd4 15. Nxd4 Bxc5 16. Rad1 Qb6 17. c3 Rfe8 18. Rfe1 Rcd8 19. Qc2 Qg6 20. f3 Ng3
21. Qxg6 hxg6 22. Kf2 Bxd4 23. Bxd4 Nf5 24. Bxa7 Rxe1 25. Rxe1 Ra8 26. Bc5 b6
27. Ba3 d4 28. cxd4 Nxd4 29. Rd1 Nc2 30. Rd3 Nxa3 31. Rxa3 Rxa3 32. bxa3 Kf8 33.
Ke3 Ke7 34. Kd4 Kd6 35. a4 g5 36. g3 g6 37. f4 gxf4 38. gxf4 f6 39. h4 Kc6 40.
f5 g5 41. h5 g4 42. h6 g3 43. Ke3 1-0

[Event "FIDE World Rapid Team"]
[Site "Almaty KAZ"]
[Date "2024.08.02"]
[Round "3.1"]
[White "Ten, Viktor"]
[Black "Sychev, Klementy"]
[Result "1/2-1/2"]
[BlackTitle "GM"]
[WhiteElo "2236"]
[BlackElo "2531"]
[WhiteTeam "Chess Mates"]
[BlackTeam "World Champions Higher School"]
[WhiteFideId "13700820"]
[BlackFideId "4114060"]
[EventDate "2024.08.02"]

1. e4 e5 2. Nf3 Nc6 3. Bb5 a6 4. Ba4 Nge7 5. c3 f6 6. d4 d5 7. dxe5 dxe4 8.
Qxd8+ Kxd8 9. exf6 gxf6 10. Nd4 Nxd4 11. cxd4 Nf5 12. Nc3 Nxd4 13. Be3 Nf5 14.
O-O-O+ Bd6 15. Nxe4 Nxe3 16. fxe3 Ke7 17. Nxd6 cxd6 18. Kd2 Be6 19. a3 Rag8 20.
Rhg1 Rg4 21. Bc2 h5 22. Rdf1 Rhg8 23. g3 h4 24. Rf4 hxg3 25. Rxg4 Rxg4 26. Rxg3
Rxg3 1/2-1/2

[Event "FIDE World Rapid Team"]
[Site "Almaty KAZ"]
[Date "2024.08.02"]
[Round "3.2"]
[White "Shubin, Kirill"]
[Black "Bolat, Inayat"]
[Result "1-0"]
[WhiteTitle "IM"]
[BlackTitle "FM"]
[WhiteElo "2459"]
[BlackElo "2264"]
[WhiteTeam "World Champions Higher School"]
[BlackTeam "Chess Mates"]
[WhiteFideId "34119962"]
[BlackFideId "13733125"]
[EventDate "2024.08.02"]

1. e4 e5 2. Nf3 Nc6 3. Bc4 Nf6 4. d3 Bc5 5. c3 d6 6. O-O O-O 7. Bg5 h6 8. Bh4 g5
9. Bg3 Nh7 10. d4 Bb6 11. dxe5 g4 12. Nd4 Nxe5 13. Nd2 h5 14. Kh1 h4 15. Bf4 Qf6
16. Be3 Qg6 17. Bb3 g3 18. Nf5 Bxf5 19. exf5 Qg4 20. Bxb6 axb6 21. Qxg4+ Nxg4
22. fxg3 hxg3 23. Rf3 Nhf6 24. Rxg3 Kh7 25. Rf1 Rae8 26. h3 Nh6 27. Rd3 Re2 28.
g4 Nd7 29. Bd1 Re5 30. Nf3 Re7 31. Bc2 Nc5 32. f6 Ree8 33. Rd5+ Ne4 34. Bxe4+ 1-0